000 00670nam a2200241Ia 4500
001 1071
003 GE_BSU
008 181216s||||||||xx |||||||||||||| ||und||
020 _a5946960792
040 _cGE_BSU
080 _a316.354
100 _aСтоу,М.Барри
245 _aАнтология организационной психологии
245 _bПер. с англ
260 _aМосква
260 _bООО"Вершина
260 _c2005
300 _a712стр.
541 _h40л.
653 _aАнтология организационной психологии
653 _aფსიქოლოგია
942 _cBK
999 _c35225
_d35225